| 000 | 00459nam a2200133Ia 4500 | ||
|---|---|---|---|
| 008 | 231221s9999 xx 000 0 und d | ||
| 020 | _a978-1-4419-1752-2 | ||
| 041 | _aEnglish | ||
| 100 | _aOrang Vahid-Araghi, Farid Golnaraghi | ||
| 245 | 0 | _aFriction-Induced Vibration in Lead Screw Drives | |
| 260 |
_c2011 _bSpringer US _aNew York |
||
| 650 | _aVibration, Dynamical Systems, Control; Systems Theory, Control; Manufacturing, Machines, Tools | ||
| 942 | _cEB | ||
| 999 |
_c226419 _d226419 |
||